| 000 | 00478nam a2200145 4500 | ||
|---|---|---|---|
| 999 |
_c512657 _d512657 |
||
| 008 | 191206b ||||| |||| 00| 0 eng d | ||
| 100 |
_aMalin, Stephanie _914301 |
||
| 245 | _aLike oil and water in the American West: Water market access amid unconventional oil production in Colorado | ||
| 260 | _bRural Sociology | ||
| 300 | _a84(3), Sep, 2019: p.431-458. | ||
| 700 |
_aMacIIroy, Kelsea _914302 |
||
| 773 | _a Rural Sociology | ||
| 906 | _aWater supply | ||
| 942 |
_2ddc _cAR |
||